Vista normal
Vista MARC
Entrada Materia (personas)
Número de registros utilizados en: 1
001 - CONTROL NUMBER
- control field: 40834
003 - CONTROL NUMBER IDENTIFIER
- control field: Co-BoUCM
005 - DATE AND TIME OF LATEST TRANSACTION
- control field: 20130717075931.0
008 - FIXED-LENGTH DATA ELEMENTS
- fixed length control field: 130717|| aca||aabn | a|a d
040 ## - CATALOGING SOURCE
- Original cataloging agency: Co-BoUCM
- Transcribing agency: Co-BoUCM
100 ## - HEADING--PERSONAL NAME
- Personal name: Carocci, Vincenzo
- Dates associated with a name: 1580-16??
670 ## - SOURCE DATA FOUND
- Source citation: Work cat.: (Co-BoUCM)70542: Carocci, Vincenzo 1580-16??, Tractatus diversi novi et practicabiles ..., 1603